[Event "POL-chT2"]
[Site "Wisla"]
[Date "1998.??.??"]
[Round "?"]
[White "Kusina, Jan"]
[Black "Oliwa, Patryk"]
[Result "0-1"]
[WhiteElo "2135"]
[BlackElo "2285"]

1.Nf3 d5 2.g3 Nf6 3.Bg2 Bg4 4.d3 Nc6 5.h3 Bh5 6.Bf4 h6 7.g4 Bg6 8.Nbd2 e6
9.Ne5 Nxe5 10.Bxe5 Bd6 11.Nf3 c6 12.Qd2 Qc7 13.Qc3 Qe7 14.a3 c5 15.Bxd6 Qxd6
16.Ne5 O-O 17.f4 Bh7 18.O-O Ne8 19.e3 Nc7 20.Qd2 f6 21.Nf3 Bg6 22.Rae1 Rad8
23.Qf2 c4 24.f5 Bf7 25.fxe6 Nxe6 26.Nh4 Qb6 27.Nf5 cxd3 28.Bxd5 Ng5 29.Bxf7+ Rxf7
30.Qg2 Qxb2 31.h4 Ne6 32.Qe4 d2 33.Rd1 Qb6 34.Rf2 Rfd7 35.Nxh6+ gxh6 36.Rxf6 Rd6
37.Rxd2 Rxd2 38.Qxe6+ Kg7 39.Qxb6 axb6  0-1

[Event "POL-chT2"]
[Site "Wisla"]
[Date "1998.??.??"]
[Round "?"]
[White "Kusina, Jan"]
[Black "Ujma, Jerzy"]
[Result "1-0"]
[WhiteElo "2135"]
[BlackElo "2230"]

1.Nf3 d5 2.g3 b6 3.Bg2 Bb7 4.O-O Nf6 5.b3 e6 6.Bb2 Nbd7 7.c4 c6 8.d3 Be7
9.Nbd2 O-O 10.e4 dxe4 11.dxe4 Nc5 12.e5 Nfd7 13.Qe2 Qc7 14.Rad1 Rad8 15.h4 Rfe8
16.Ng5 Bxg5 17.hxg5 Nf8 18.Ba3 Nfd7 19.f4 b5 20.Qe3 Na6 21.Bd6 Qc8 22.c5 Nb4
23.Kf2 Nd5 24.Qf3 Ne7 25.Rh1 Nf8 26.Ne4 Rd7 27.Qh5 f6 28.gxf6 g6 29.Qg5 Nd5
30.Bxf8 Kxf8 31.Nd6 Qd8 32.Qh6+ Kg8 33.f7+ Rxf7 34.Nxf7 Qa5 35.Qxh7+ Kf8
36.Bxd5 Qxa2+ 37.Kf1 cxd5 38.Nd6  1-0

[Event "POL-chT2"]
[Site "Wisla"]
[Date "1998.??.??"]
[Round "?"]
[White "Laszewicz, Pawel"]
[Black "Pinkas, Karol"]
[Result "0-1"]
[WhiteElo "2220"]
[BlackElo "2320"]

1.g3 d5 2.Nf3 Nf6 3.Bg2 c5 4.O-O Nc6 5.c4 e6 6.b3 Be7 7.Bb2 O-O 8.Ne5 Nxe5
9.Bxe5 d4 10.Bxf6 Bxf6 11.d3 Be7 12.Na3 f5 13.Qd2 e5 14.Nc2 a5 15.a3 Bg5
16.f4 exf4 17.gxf4 Be7 18.e3 Ra6 19.exd4 cxd4 20.Bd5+ Kh8 21.Rae1 b5 22.Kh1 Rh6
23.Nxd4 bxc4 24.bxc4 Bxa3 25.Qg2 Bd6 26.Nc6 Qc7 27.Ne5 a4 28.Rf3 Bxe5 29.Rxe5 Bb7
30.Rfe3 Bxd5 31.Qxd5 Rhf6 32.Re7 Qxf4 33.Qf3 Qd6 34.Re8 h6 35.Qa8 a3 36.d4 a2
37.d5 f4 38.Rxf8+ Rxf8 39.Re8 Rxe8 40.Qxe8+ Kh7 41.Qa8 Qg6 42.Qxa2 f3 43.Qf2 Qb1+
44.Qg1 Qd3 45.h3 Qxc4 46.Qb1+ Kg8 47.Qb8+ Kf7 48.Qb7+ Kg8 49.Qb8+ Kh7 50.Qb1+ g6
51.Qb7+ Kg8 52.Kh2 Qf4+ 53.Kh1 h5 54.Qa8+ Kh7 55.Qa7+ Kh6 56.Qf2 Qf5 57.Qd2+ Kh7
58.Kg1 Qxh3 59.d6 Qg3+ 60.Kf1 f2 61.Qxf2 Qxd6 62.Qf7+ Kh6 63.Kg2 Qd2+ 64.Kh1 Qc1+
65.Kh2 Qc2+ 66.Kh1 Qf5 67.Qc7 h4 68.Qb8 Qf3+ 69.Kh2 Qg3+ 70.Qxg3 hxg3+ 71.Kh3 Kh5  0-1

[Event "EUCup final (Women)"]
[Site "Wuppertal"]
[Date "1998.??.??"]
[Round "2"]
[White "Maksimovic, Suzana"]
[Black "Gaponenko, Inna"]
[Result "1/2-1/2"]
[WhiteElo "2300"]
[BlackElo "2365"]

1.Nf3 d5 2.g3 c6 3.Bg2 Nf6 4.d3 h6 5.O-O Bf5 6.Nbd2 e6 7.Qe1 Be7 8.e4 Bh7
9.Qe2 O-O 10.a4 a5 11.c3 Nbd7 12.Re1 Qb6  1/2-1/2

[Event "Zadar op"]
[Site "Zadar"]
[Date "1998.??.??"]
[Round "2"]
[White "Popovic, Ivo"]
[Black "Bukal, Vladimir Jr"]
[Result "1/2-1/2"]
[WhiteElo "2195"]
[BlackElo "2400"]

1.Nf3 d5 2.g3 Bg4 3.Bg2 Nd7 4.c4 c6 5.cxd5 cxd5 6.Qa4 Nf6 7.Nc3 Bxf3 8.Bxf3 e6
9.e4 dxe4 10.Nxe4 Nxe4 11.Bxe4 Be7 12.O-O O-O 13.d4 Nb6 14.Qc2 Qxd4 15.Bxh7+ Kh8
16.Be3 Qc4 17.Bxb6 Qxc2 18.Bxc2 axb6 19.Bb3 Bf6 20.Rab1 Rfd8 21.Rfd1  1/2-1/2

[Event "Ardid mem 10th op"]
[Site "Zaragoza"]
[Date "1998.??.??"]
[Round "2"]
[White "Mowsziszian, Karen"]
[Black "Sebastian, Maria Pilar"]
[Result "1-0"]
[WhiteElo "2500"]
[BlackElo "2075"]

1.Nf3 d5 2.g3 Nf6 3.Bg2 g6 4.O-O Bg7 5.d3 O-O 6.Nbd2 Nbd7 7.e4 dxe4 8.dxe4 e5
9.b3 Re8 10.Bb2 b6 11.a4 Bb7 12.Qe2 Qe7 13.a5 c5 14.Rfd1 Red8 15.c4 Ne8 16.Nb1 Nd6
17.Nc3 Rdb8 18.Qd3 Bf8 19.a6 Bc6 20.Nd5 Bxd5 21.Qxd5 Re8 22.Qxd6 Qxd6 23.Rxd6 Bxd6
24.Rd1 Re6 25.Bh3 f5 26.exf5 Rf6 27.fxg6 Rxf3 28.Rxd6 Rxb3 29.Rxd7 Rxb2 30.Be6+  1-0

[Event "Lohmar 9899"]
[Site "Lohmar"]
[Date "1999.01.01"]
[Round "7"]
[White "Olbrisch, Manfred"]
[Black "Fleischer, Uwe"]
[Result "1/2-1/2"]
[WhiteElo "2080"]
[BlackElo "2115"]

1.Nf3 d5 2.g3 Bg4 3.Bg2 Nd7 4.c4 dxc4 5.Na3 Ngf6 6.Nxc4 Bxf3 7.Bxf3 c6 8.d3 e6
9.O-O Be7 10.b3 O-O 11.Bb2 Nb6 12.Qc2 Nxc4 13.bxc4 Qc7 14.Rab1 b6 15.Bc3 Nd7
16.a4 Rab8 17.Qa2 Bf6 18.Bd2 Rfe8 19.a5 Bd4 20.e3 Bf6 21.Rfc1 Red8 22.d4 c5
23.d5 exd5 24.cxd5 b5 25.Be2 a6 26.f4 c4 27.Qa3 Nc5 28.Bf3 Qa7 29.Kg2 Re8
30.Re1 Ne4 31.Bb4 Rbd8 32.Rbd1 Qd7 33.d6 g6 34.Rd5 Bg7 35.Red1 f5 36.Qc1 Re6
37.g4 Ree8 38.Qc2 Nf6 39.gxf5 Nxd5 40.Bxd5+ Kh8 41.e4 gxf5 42.e5 Re6 43.Kh1 Bh6
44.Bc3 Rf8 45.Qf2 Rb8 46.Qc5 Rc8 47.Qd4 Bg7 48.Bxe6 Qxe6 49.d7 Rd8 50.Qb6 Qe7
51.Bb4 Qh4 52.Be1 Qe7 53.Qxa6 c3 54.Bxc3 b4 55.Bb2 Qh4 56.Qb6 Bf8 57.a6 Rxd7
58.Rxd7 Qe1+ 59.Qg1 Qe4+ 60.Qg2 Qe1+ 61.Qg1  1/2-1/2

[Event "Lohmar 9899"]
[Site "Lohmar"]
[Date "1999.01.02"]
[Round "8"]
[White "Olbrisch, Manfred"]
[Black "Tuerk, Alexander"]
[Result "1/2-1/2"]
[WhiteElo "2080"]
[BlackElo "2240"]

1.Nf3 d5 2.g3 c6 3.Bg2 Nf6 4.b3 Bf5 5.Bb2 h6 6.O-O e6 7.d3 Be7 8.Nbd2 O-O
9.c4 Bh7 10.Qc2 Nbd7 11.Rac1 a5 12.a3 Qc8 13.Qb1 Qb8 14.Qa1 b5 15.Nd4 Qb6
16.cxd5 cxd5 17.Rc6 Qa7 18.Rc2 Qb7 19.Rfc1 Bd6 20.a4 bxa4 21.bxa4 Rfc8 22.Rxc8+ Rxc8
23.Nc4 Bb4 24.Nb5 Qa6 25.Ne5 Nc5 26.Qa2 Ncd7  1/2-1/2

[Event "Trinec op"]
[Site "Trinec"]
[Date "1999.01.03"]
[Round "9"]
[White "Mirumian, Vigen"]
[Black "Orsag, Milan"]
[Result "1-0"]
[WhiteElo "2470"]
[BlackElo "2405"]

1.Nf3 d5 2.g3 Nf6 3.Bg2 c5 4.O-O Nc6 5.d4 e6 6.c4 Be7 7.cxd5 exd5 8.Nc3 O-O
9.dxc5 Bxc5 10.b3 Re8 11.Bb2 a6 12.Rc1 Ba7 13.e3 Bg4 14.Ne2 Qe7 15.h3 Bf5
16.Nfd4 Nxd4 17.Bxd4 Bxd4 18.Qxd4 Be4 19.Rfd1 Rac8 20.Bxe4 dxe4 21.Rxc8 Rxc8
22.g4 h6 23.Ng3 g6 24.Kg2 Rc7 25.Qb6 Kg7 26.Rd6 Rd7 27.Rxd7 Qxd7 28.Qc5 Qd1
29.Qd4 Qf3+ 30.Kg1 Kh7 31.Nf1 Kg7 32.Ng3 Kg8 33.a4 a5 34.Qb6 Qd1+ 35.Kg2 Qf3+
36.Kg1 Qd1+ 37.Kh2 Qf3 38.Qd8+ Kg7 39.Kg1 Nh7 40.Qd4+ Nf6 41.Kf1 Kg8 42.Ke1 Kh7
43.Qd6 Kg7 44.Qe5 Kh7 45.Qxa5 h5 46.Qc7 hxg4 47.Qxf7+ Kh6 48.hxg4 Nxg4 49.Qxf3 exf3
50.Ne4 Ne5 51.Kd2 g5 52.Nd6 b6 53.Nc4 Nd7 54.b4 Kg7 55.e4 g4 56.Ke3 Kg6 57.Kf4 Kh5
58.e5 Nf8 59.Ne3 Ne6+ 60.Kf5 Nd4+ 61.Kf6 g3 62.fxg3 f2 63.e6 Nc2 64.Nf1 Nxb4
65.e7 Nd5+ 66.Kf7 Nxe7 67.Kxe7 Kg4 68.Kd6 Kf3 69.Kc6 Kg2 70.Nd2  1-0

[Event "Rilton Cup 9899"]
[Site "Stockholm"]
[Date "1999.01.05"]
[Round "8"]
[White "Bezold, Michael"]
[Black "Kharitonov, Andrei Y"]
[Result "0-1"]
[WhiteElo "2490"]
[BlackElo "2570"]

1.g3 d5 2.Nf3 g6 3.Bg2 Bg7 4.O-O e5 5.d3 Ne7 6.e4 O-O 7.Nc3 d4 8.Ne2 c5 9.c4 Nbc6
10.a3 a5 11.b3 Bd7 12.Rb1 Nc8 13.Ne1 Nd6 14.Qc2 Qc7 15.f4 f5 16.exf5 Nxf5
17.Bd5+ Kh8 18.Ng2 Rae8 19.Bd2 b6 20.Rbe1 exf4 21.Nexf4 Ne5 22.Bc1 Qd6 23.Be4 Ne7
24.Qd1 Bg4 25.Qc2 Qd7 26.b4 Bf5 27.bxc5 bxc5 28.Qd1 Bg4 29.Qc2 Nc8 30.Nd5 Nd6
31.Bf4 Nxe4 32.Rxe4 Nf3+ 33.Kh1 g5 34.Bc1 Rxe4 35.dxe4 h6 36.Ne1 Qe6 37.Ng2 Rf7
38.Rf2 Ne5 39.Rxf7 Qxf7 40.Kg1 Nf3+  0-1

[Event "Bad Zwesten op"]
[Site "Bad Zwesten"]
[Date "1999.01.06"]
[Round "9"]
[White "Haub, Thorsten Michael"]
[Black "Zumsande, Martin"]
[Result "1/2-1/2"]
[WhiteElo "2388"]
[BlackElo "2316"]

1.g3 d5 2.Nf3 e6 3.Bg2 Nf6 4.O-O Be7 5.c4 O-O 6.b3 b6 7.d3 Bb7 8.Bb2 dxc4
9.bxc4 c5 10.e3 Nc6 11.Qe2 Qc7 12.Nc3 a6 13.Rfd1 Rfd8 14.Rac1 Rab8 15.d4 Na5
16.Nb1 b5 17.cxb5 axb5 18.dxc5 Rxd1+ 19.Rxd1  1/2-1/2

[Event "Linares Anibal op"]
[Site "Linares"]
[Date "1999.01.08"]
[Round "1"]
[White "Garcia Ares, Felix"]
[Black "Georgiev, Vladimir"]
[Result "0-1"]
[WhiteElo "2235"]
[BlackElo "2540"]

1.Nf3 d5 2.g3 Bg4 3.Bg2 c6 4.d3 Nd7 5.O-O e5 6.e4 dxe4 7.dxe4 Bc5 8.Nbd2 Ne7
9.h3 Bh5 10.Qe2 f6 11.Nb3 Bb6 12.Rd1 Qc7 13.Be3 O-O 14.Bxb6 axb6 15.Qd3 Rfd8
16.Qd6 Qxd6 17.Rxd6 Nf8 18.Rxd8 Rxd8 19.Kf1 Ne6 20.Ke1 Kf8 21.Rd1 Rxd1+ 22.Kxd1 Ng5
23.Nd2 Bxf3+ 24.Bxf3 Nxh3 25.Ke1 b5 26.c4 bxc4 27.Nxc4 Ng5 28.Bg2 Nc8 29.Ke2 Ke7
30.Na5 Nd6 31.Kd3 Ne6 32.b4 Nd4 33.a4 h5 34.Nc4 Nxc4 35.Kxc4 Kd6 36.a5 g5
37.Bf1 Ne6 38.b5 h4 39.Bh3 Nd4 40.b6 c5 41.Bc8 Nc6 42.Kb5 Nd4+ 43.Kc4 Kc6
44.Bg4 Nb5  0-1

[Event "BL2-W9899"]
[Site "Germany"]
[Date "1999.01.10"]
[Round "4.6"]
[White "Schulz, Klaus Juergen"]
[Black "Schlecht, Daniel"]
[Result "1-0"]
[WhiteElo "2400"]
[BlackElo "2377"]

1.Nf3 d5 2.g3 Nf6 3.Bg2 c6 4.O-O Bg4 5.c4 e6 6.d3 Nbd7 7.Be3 Bd6 8.Qb3 Qb8
9.Nc3 dxc4 10.dxc4 O-O 11.Nd2 Bf5 12.Nde4 Nxe4 13.Nxe4 Bxe4 14.Bxe4 Nc5 15.Qc2 Nxe4
16.Qxe4 Be5 17.Rab1 Rd8 18.b4 f5 19.Qf3 Qc7 20.b5 Bd4 21.Rfd1 Bb6 22.Rxd8+ Rxd8
23.c5 Ba5 24.bxc6 bxc6 25.Bf4 e5 26.Qb3+ Rd5 27.e4 fxe4 28.Be3 h6 29.Qc4 Qd8
30.Kg2 Kh8 31.Qxe4 Bd2 32.Bxd2 Rxd2 33.Qxc6 Rxa2 34.Re1 Qf6 35.Qxf6 gxf6
36.Rc1 Rb2 37.c6 Rb8 38.Kf3 f5 39.g4 fxg4+ 40.Kxg4 Kg7 41.Kf5 Kf7 42.Kxe5 Ke7
43.c7 Rc8 44.f4 a5 45.f5 a4 46.f6+ Kd7 47.Rd1+  1-0

[Event "BL2-O9899"]
[Site "Germany"]
[Date "1999.01.10"]
[Round "4.7"]
[White "Sandner, Gunter"]
[Black "Morlo, Michael"]
[Result "1/2-1/2"]
[WhiteElo "2345"]
[BlackElo "2295"]

1.Nf3 d5 2.g3 Bg4 3.Bg2 Nd7 4.d4 c6 5.Bf4 e6 6.O-O Ngf6 7.Nbd2 Be7 8.h3 Bh5
9.Ne5 O-O 10.g4 Bg6 11.Nxg6 hxg6 12.c3 a5 13.e3 Ne8 14.Qe2 Bd6 15.Bxd6 Nxd6
16.e4 Nxe4 17.Nxe4 dxe4 18.Bxe4 a4 19.Bc2 Re8 20.Rad1 Qa5 21.f4 Qb6 22.Bb1 e5
23.fxe5 Rxe5 24.Qf2 Re7 25.a3 Qb3 26.d5 cxd5 27.Rd4 Qb6 28.Rxd5 Qb3 29.Rfd1 Nf8
30.Rd8 Rxd8 31.Rxd8 Qe6 32.Bd3 Rd7 33.Rxd7 Nxd7 34.Qe2 Ne5 35.Bb5 Qd5 36.Bxa4 Nf3+
37.Kf2 Ng5 38.Qe3 Nxh3+ 39.Qxh3 Qd2+ 40.Kg1 Qe1+ 41.Qf1 Qg3+ 42.Qg2 Qe1+
43.Kh2 Qh4+  1/2-1/2

[Event "BL2-W9899"]
[Site "Germany"]
[Date "1999.01.10"]
[Round "4.5"]
[White "Rosen, Bernd"]
[Black "Kengis, Edvins"]
[Result "0-1"]
[WhiteElo "2340"]
[BlackElo "2571"]

1.g3 d5 2.Nf3 g6 3.Bg2 c5 4.c4 d4 5.b4 Bg7 6.d3 cxb4 7.a3 bxa3 8.O-O Nc6
9.Bxa3 Nh6 10.Nbd2 O-O 11.Qb3 Rb8 12.Rfb1 Bd7 13.Ne1 Nf5 14.Nc2 b6 15.Nf3 Qc7
16.Bb2 Rfc8 17.Ng5 h6 18.Nf3 b5 19.c5 e5 20.Ra6 Be6 21.Qa3 b4 22.Qa4 Nfe7
23.Nd2 Nd5 24.Re1 b3 25.Na1 Ndb4 26.Ne4 Nxa6 27.Qxa6 Nb4 28.Qa4 Bf8 29.Ba3 a5
30.Nxb3 Nc2 31.Rb1 Nxa3 32.Qxa3 Kg7 33.Ned2 Bxb3 34.Rxb3 Qxc5  0-1

[Event "BL2-O9899"]
[Site "Germany"]
[Date "1999.01.10"]
[Round "4.7"]
[White "Eilers, Stefan"]
[Black "Helbig, Jan"]
[Result "0-1"]
[WhiteElo "2320"]
[BlackElo "2205"]

1.Nf3 d5 2.g3 c6 3.Bg2 Bg4 4.O-O Nd7 5.d4 e6 6.Nbd2 Ngf6 7.Re1 Be7 8.e4 O-O
9.c3 Qb6 10.Qb3 Rfd8 11.h3 Bh5 12.exd5 cxd5 13.Nh4 a5 14.g4 Ne8 15.Nf5 exf5
16.gxh5 Bg5 17.Bxd5 Qh6 18.Bxf7+ Kh8 19.Nf3 Bxc1 20.Raxc1 Nef6 21.Rc2 Nxh5
22.Bxh5 Qxh5 23.Kg2 Nf6 24.Re5 Ne4 25.Qxb7 Rab8 26.Qc7 Ng5 27.Nxg5 Qxg5+
28.Kh2 Qf4+ 29.Kg2 Qg5+ 30.Kh2 Qf4+ 31.Kg2 Qg5+ 32.Kh1 Qh6 33.Re3 f4 34.Rf3 Rf8
35.Re2 Qh5 36.Kg2 Qg5+ 37.Kh2 Qh5 38.Qc6 Rf6 39.Qe4 Rbf8 40.c4 Qg5 41.d5 Rg6
42.Qxg6 hxg6 43.b3 Qh5  0-1

[Event "BL2-O9899"]
[Site "Germany"]
[Date "1999.01.10"]
[Round "4.4"]
[White "Dietz, Holger"]
[Black "Meister, Peter"]
[Result "1/2-1/2"]
[WhiteElo "2300"]
[BlackElo "2420"]

1.Nf3 d5 2.g3 Bg4 3.Bg2 c6 4.d3 Nf6 5.O-O e6 6.Nbd2 Be7 7.h3 Bh5 8.e4 O-O
9.Qe2 Na6 10.Nb3 Re8 11.g4 Bg6 12.Ne5 Nd7 13.Nxg6 hxg6 14.d4 g5 15.f4 gxf4
16.Bxf4 Bg5 17.Bg3 Rf8 18.c3 Nb6 19.Na5 Qd7 20.Rae1 Bd8 21.Rf2 Bc7 22.e5 Bd8
23.Bf1 Nb8 24.Qe3 c5 25.dxc5 Na4 26.Nb3 Be7 27.Rd2 Qc8 28.Bf2 Nd7 29.Bd3 Naxc5
30.Bb1 Nxb3 31.axb3 Bc5 32.Qd3 Bxf2+ 33.Rxf2 g6 34.h4 Qd8 35.Qg3 Kg7 36.g5 Qc7
37.h5 Rh8 38.Ref1 Raf8 39.hxg6 fxg6 40.Rf6 Qb6+ 41.Kg2 Rxf6 42.gxf6+ Kf8
43.b4 Qc7 44.Re1 Qc4 45.Bxg6 Qh4 46.Qxh4 Rxh4 47.Kg3 Rh6 48.Bd3 Rh5 49.Kf4 a6
50.Re2 Kf7 51.Bc2 b5 52.Bd3 Rh3 53.Bf5 Rh1 54.Bg4 Nf8 55.Bf3 Ng6+ 56.Kg3 Rh8
57.Re1 Rh4 58.Bg4 Rh8 59.Bd1 Nf8 60.Bg4 Ng6  1/2-1/2

[Event "Keres mem"]
[Site "Tallinn"]
[Date "1999.01.10"]
[Round "4"]
[White "Svirjov, Igor"]
[Black "Vooremaa, Andres"]
[Result "0-1"]
[WhiteElo "2346"]
[BlackElo "2332"]

1.Nf3 d5 2.g3 Nf6 3.b3 Bf5 4.Bb2 e6 5.c4 c6 6.Bg2 Nbd7 7.O-O h6 8.d3 Be7
9.Nbd2 O-O 10.Qc2 a5 11.a3 Bh7 12.Rfe1 b5 13.Nd4 Rc8 14.Rac1 e5 15.N4f3 e4
16.Nd4 exd3 17.exd3 bxc4 18.bxc4 Nc5 19.Bf1 a4 20.N2f3 Nfd7 21.Re3 Bf6 22.Bh3 Nxd3
23.Rxd3 Bxd3 24.Qxd3 c5 25.cxd5 cxd4 26.Rxc8 Qxc8 27.Bxd4 Bxd4 28.Qxd4 Qb7
29.Kg2 Nf6 30.d6 Rd8 31.Bf5 Qc6 32.d7 g6 33.Bh3 Nxd7 34.Qd3 Qc7 35.Qd4 Nb6
36.Qe3 Kh7 37.Ne5 Nc4 38.Qc3 Qxe5 39.Qxc4 Qd5+ 40.Qxd5 Rxd5 41.Bg4 Rd3 42.Be2 Rxa3
43.Bc4 Ra1 44.Bd5 a3  0-1

[Event "Tapolca op"]
[Site "Budapest"]
[Date "1999.01.13"]
[Round "6"]
[White "Lengyel, Bela"]
[Black "Antal, Gergely"]
[Result "0-1"]
[WhiteElo "2385"]
[BlackElo "2195"]

1.Nf3 d5 2.g3 Nc6 3.c4 dxc4 4.Qa4 Nf6 5.Bg2 Bd7 6.Qxc4 g6 7.Ng5 Ne5 8.Qc3 Bc6
9.f3 Ned7 10.d4 h6 11.Nh3 e5 12.dxe5 Nd5 13.Qb3 Bb4+ 14.Kf2 Bc5+ 15.e3 Nxe5
16.Rd1 Qe7 17.Nc3 Nxe3 18.Bxe3 Bxe3+ 19.Kxe3 Nxf3+ 20.Ne4 Bxe4 21.Qc3 Bd3+
22.Kxd3 O-O-O+ 23.Kc2 Qe2+ 24.Kb3 Qxg2 25.Rac1 c6 26.Nf4 Nd2+ 27.Ka3 Qf3  0-1

[Event "Linares Anibal op"]
[Site "Linares"]
[Date "1999.01.13"]
[Round "6"]
[White "Minasian, Artashes"]
[Black "Nogueiras, Jesus"]
[Result "1-0"]
[WhiteElo "2620"]
[BlackElo "2510"]

1.Nf3 d5 2.g3 b6 3.Bg2 Bb7 4.O-O e6 5.d3 Nf6 6.Nbd2 Nbd7 7.b3 Bc5 8.Bb2 O-O
9.a3 a5 10.c4 Qe7 11.Qc2 Rfe8 12.e3 Rac8 13.cxd5 exd5 14.b4 axb4 15.axb4 Bxb4
16.Ra7 Ba8 17.Bh3 d4 18.Bxd4 Bxd2 19.Nxd2 Nd5 20.Qb2 Rcd8 21.Bxg7 Ne5 22.Bh6 f6
23.e4 Nxd3 24.Qc2 Qf7 25.exd5 Bxd5 26.Qa4 Qh5 27.Qg4+ Qxg4 28.Bxg4 Re7 29.Bf5 Nb4
30.Bf4 Bf7 31.Ne4 Nd5 32.Rd1 Kg7 33.Rxc7 Nxf4 34.Rxd8  1-0

[Event "NRW-Liga I 9899"]
[Site "GER"]
[Date "1999.01.20"]
[Round "5"]
[White "Kaid, Almar"]
[Black "Maslak, Sulejman"]
[Result "1/2-1/2"]
[WhiteElo "2190"]
[BlackElo "2265"]

1.Nf3 d5 2.g3 c5 3.Bg2 Nc6 4.d4 e6 5.O-O Nf6 6.c4 dxc4 7.Ne5 Nxe5 8.dxe5 Nd7
9.f4 Rb8 10.a4 Be7 11.Na3 O-O 12.Nxc4 Qc7 13.Bd2 b6 14.Bc3 Bb7 15.e4 Ba6
16.b3 Rfd8 17.Qg4 Bxc4 18.bxc4 Bf8 19.Rad1 g6 20.Rd2 Bg7 21.Rfd1 Nf8 22.Rd6 Rxd6
23.exd6 Qd7 24.Bxg7 Kxg7 25.Qf3 Qxa4 26.Qc3+ f6 27.Ra1 Qd7 28.e5 fxe5 29.fxe5 a5
30.Qf3 Kg8 31.Rf1 Qg7 32.Qe3 Nd7 33.Re1 Rf8 34.Bh3 Re8 35.Bg2 Rb8 36.Bc6 Rc8
37.Bg2 g5 38.Bd5 Nf8 39.Bg2 h6 40.Qe4 Nd7 41.Qg4 Nf8 42.Bd5 Re8 43.Bc6 Rb8
44.Bg2 a4 45.Qd1 a3 46.Qa4 Ng6 47.Qxa3 Nxe5 48.Qe3 Nf7 49.Qxe6 Qd4+ 50.Kh1 Qxd6
51.Bd5 Qxe6 52.Rxe6 Kg7 53.Re7 Rf8 54.Rb7 h5 55.Rxb6 Ne5 56.Re6 Rf1+ 57.Kg2 Re1
58.h3 g4 59.hxg4 hxg4 60.Kf2 Nd3+ 61.Kg2 Rxe6 62.Bxe6 Ne5 63.Kf2 Kf6 64.Bd5 Nd7
65.Ke3 Ke5 66.Bf7 Kf5 67.Bd5 Ke5 68.Bf7 Nb6 69.Bg8 Nc8 70.Kd3 Nd6 71.Bh7 Kf6
72.Be4 Ke6 73.Bh7 Kf7 74.Be4 Kf6 75.Bh7 Nf7 76.Ke3 Ke5 77.Be4 Nd6 78.Bd3 Ne8
79.Bh7 Ng7 80.Bg6 Kf6 81.Bd3 Nh5 82.Kf2 Ke5 83.Bg6 Ng7 84.Ke3 Kf6 85.Bd3 Nh5
86.Kf2 Kg5 87.Bc2 Ng7 88.Ke3 Ne6  1/2-1/2

[Event "ISR-chT"]
[Site "Israel"]
[Date "1999.01.22"]
[Round "3"]
[White "Berkovich, Mark A"]
[Black "Haimovich, Tal"]
[Result "1/2-1/2"]
[WhiteElo "2400"]
[BlackElo "2280"]

1.Nf3 d5 2.g3 Nf6 3.Bg2 Bf5 4.c4 c6 5.cxd5 cxd5 6.Qb3 Qb6 7.Qxb6 axb6 8.Nc3 Nc6
9.d3 e5 10.O-O h6 11.Bd2 Bg4 12.h3 Be6 13.Rfc1 Bc5 14.Nb5 O-O 15.Nc7 Ra4
16.b3 Ra3 17.Nb5 Raa8 18.b4 Nxb4 19.Nxe5 Nc6 20.Nxc6 bxc6 21.d4 cxb5 22.dxc5 bxc5
23.Rxc5 Ne4 24.Rc2 Rfc8 25.Rb2 Rc4 26.Be1 Bd7 27.e3 Rac8 28.Rd1 Rc1 29.Rb1 Rxb1
30.Rxb1 Rc2 31.Rd1 Bc6 32.a3 Ra2 33.Bxe4 dxe4 34.Bb4 Kh7 35.g4 Rc2 36.Kg2 f6
37.Kg3 Kg6 38.Bf8 Kf7 39.Rd8 Rc3 40.Rc8 Rc4 41.Bb4 Bd7 42.Rd8 Ke6 43.Rg8 Kf7
44.Rb8 Rc8 45.Rb6 Bc6 46.Ra6 Bb7 47.Rd6 Bc6 48.Kf4 Rc7 49.Rd8 Rd7 50.Rc8 Bd5
51.Rc5 Bc4 52.a4 g5+ 53.Kg3 Be2 54.axb5 Rb7 55.Bc3 Rxb5 56.Rc6 h5 57.Rxf6+ Ke7
58.gxh5 Bxh5 59.Ra6 Bf3  1/2-1/2

[Event "Ubeda op"]
[Site "Ubeda"]
[Date "1999.01.23"]
[Round "4"]
[White "Svetushkin, Dmitry"]
[Black "Holmsten, Aleksei"]
[Result "1-0"]
[WhiteElo "2460"]
[BlackElo "2400"]

1.g3 d5 2.Nf3 c5 3.Bg2 Nc6 4.O-O Nf6 5.d3 e5 6.e4 Bd6 7.Nc3 d4 8.Ne2 O-O
9.Nd2 Bc7 10.h3 Ne8 11.f4 exf4 12.gxf4 f5 13.exf5 Bxf5 14.Ne4 Bd6 15.N2g3 Ne7
16.Qe2 h6 17.Bd2 Rc8 18.Rae1 Rc7 19.Qh5 Bc8 20.f5 Bxg3 21.Nxg3 Nf6 22.Qh4 Ned5
23.Re5 Re8 24.Rxe8+ Qxe8 25.Ne4 Qf8 26.Qg3 Rf7 27.Nd6 Re7 28.Nxc8 Qxc8 29.Bxh6 c4
30.Bxd5+ Nxd5 31.f6  1-0

[Event "Geneve op"]
[Site "Geneve"]
[Date "1999.01.24"]
[Round "2"]
[White "Dizdar, Goran"]
[Black "Landenbergue, Claude"]
[Result "1-0"]
[WhiteElo "2563"]
[BlackElo "2420"]

1.Nf3 d5 2.g3 Nf6 3.Bg2 c6 4.O-O Bg4 5.c4 e6 6.d3 Nbd7 7.cxd5 exd5 8.Nc3 Bc5
9.Qb3 Bb6 10.Na4 O-O 11.Nxb6 axb6 12.Qc2 Re8 13.b3 Qe7 14.Re1 Qc5 15.Qd2 Qd6
16.Bb2 Bxf3 17.Bxf3 Ne5 18.Bg2 d4 19.a4 Rad8 20.a5 bxa5 21.Qxa5 c5 22.Qb5 b6
23.b4 cxb4 24.Rec1 Neg4 25.Rc4 Qe6 26.Bf3 Ne5 27.Rxb4 Nxf3+ 28.exf3 Qe2 29.Rxd4 Qxf3
30.Rxd8 Rxd8 31.Qxb6 Qxd3 32.Bxf6 gxf6 33.Qxf6 Rb8 34.h4 Rb1+ 35.Rxb1 Qxb1+
36.Kh2 Qd1 37.Qg5+ Kf8 38.Qe5 Qc2 39.Qb8+ Ke7 40.Qe5+ Kf8 41.Kg2 Qc6+ 42.f3 Qc2+
43.Kh3 Qc8+ 44.g4 Qc1 45.g5 Qh1+ 46.Kg4 Qg2+ 47.Qg3 Qe2 48.Qd6+ Ke8 49.Qb8+ Ke7
50.Qb4+ Kd7 51.Qb7+  1-0

[Event "Saintly Cup"]
[Site "Sydney"]
[Date "1999.01.24"]
[Round "3"]
[White "Wohl, Aleksandar H"]
[Black "Solomon, Stephen J"]
[Result "1-0"]
[WhiteElo "2440"]
[BlackElo "2435"]

1.Nf3 d5 2.g3 Nf6 3.Bg2 Bf5 4.O-O e6 5.c4 c6 6.b3 Be7 7.Bb2 O-O 8.d3 h6 9.Na3 Nbd7
10.Nc2 Bh7 11.Qd2 b5 12.Ncd4 Qb6 13.cxb5 cxb5 14.Rfc1 Rac8 15.b4 e5 16.Nb3 Bd6
17.Bh3 d4 18.Nh4 Rc7 19.Nf5 Bxf5 20.Bxf5 Nd5 21.a3 Be7 22.Rxc7 Qxc7 23.Rc1 Qd6
24.Qc2 N7b6 25.Qc6 Na4 26.Qxd6 Bxd6 27.Ba1 Ndc3 28.Kf1 g6 29.Bh3 Bc7 30.f4 f6
31.e3 Bb6 32.exd4 Bxd4 33.Nxd4 exd4 34.Be6+ Kg7 35.Bb3 Rc8 36.Bxa4 bxa4 37.Bxc3 dxc3
38.Ke2 g5 39.f5 Re8+ 40.Kf3 Rc8 41.Rc2 h5 42.d4 g4+ 43.Ke4 Kh6 44.d5 Re8+
45.Kd4 Kg5 46.Rxc3 Kxf5 47.Rd3 h4 48.gxh4 Rc8 49.h3 gxh3 50.Rxh3 Rc1 51.h5 Kg4
52.Rc3 Re1 53.d6 Re8 54.h6 f5 55.Kd5 f4 56.d7 Rd8 57.Ke6 Rh8 58.Rc8 Rxh6+
59.Ke5 f3 60.Rg8+  1-0

[Event "Ubeda op"]
[Site "Ubeda"]
[Date "1999.01.24"]
[Round "5"]
[White "Aronian, Levon"]
[Black "Minasian, Artashes"]
[Result "1-0"]
[WhiteElo "2485"]
[BlackElo "2620"]

1.Nf3 d5 2.g3 c6 3.Bg2 Nd7 4.d4 e6 5.O-O Bd6 6.c4 f5 7.b3 Ngf6 8.Ba3 Bxa3
9.Nxa3 O-O 10.Nc2 Ne4 11.Nce1 dxc4 12.bxc4 c5 13.e3 b6 14.Nd3 Bb7 15.Qb3 g5
16.Rad1 Qc7 17.Qb2 g4 18.Nh4 cxd4 19.exd4 Qxc4 20.Nf4 Bd5 21.Ra1 Rac8 22.Rfc1 Qa6
23.Bxe4 fxe4 24.Nxd5 exd5 25.Qd2 Nf6 26.Qg5+ Kh8 27.Qh6 Rf7 28.Ng6+ Kg8 29.Ne5 Rff8
30.Qg5+ Kh8 31.Qh4 Kg8 32.Qg5+ Kh8 33.Rxc8 Qxc8 34.Rc1 Qb7 35.Rc6 Qg7 36.Qf5 e3
37.fxe3 Qh6 38.Qf4 Qg7 39.Rc7 Qxc7 40.Ng6+ hxg6 41.Qxc7 b5 42.Qxa7 Rc8 43.Qf7 Ne4
44.Qxg6 Rc1+ 45.Kg2 Rc2+ 46.Kf1 Rc1+ 47.Ke2 Rc2+ 48.Kd1 Rxh2 49.Kc1 b4 50.Qe8+ Kg7
51.Qd7+ Kf6 52.Qc6+ Kg7 53.Qxd5 Nc3 54.Qb7+ Kf6 55.Qc6+ Kg5 56.a3 Na2+ 57.Kd1 Nc3+
58.Ke1 bxa3 59.Qc5+ Kg6 60.Qxa3 Re2+ 61.Kf1 Rxe3 62.Qd6+ Kh5 63.Qc7 Ne4 64.Qf7+  1-0

[Event "Ubeda op"]
[Site "Ubeda"]
[Date "1999.01.25"]
[Round "6"]
[White "Yandemirov, Valeri"]
[Black "Kharlov, Andrei"]
[Result "1/2-1/2"]
[WhiteElo "2470"]
[BlackElo "2575"]

1.Nf3 d5 2.g3 Bg4 3.Bg2 Nd7 4.d4 c6 5.O-O e6 6.c3 Bd6 7.Re1 Ne7 8.Nbd2 O-O
9.e4 Re8 10.Qb3 Rb8 11.exd5 cxd5 12.c4 h6 13.cxd5 Nxd5 14.Nc4 Bb4 15.Bd2 Bxf3
16.Qxf3 Bxd2 17.Nxd2 Qb6 18.Qd3 Nb4 19.Qc3 Rec8 20.Nc4 Qa6 21.Qxb4 Rxc4 22.Qd2 Qb6
23.d5 Rd4 24.Qc3 exd5 25.Rad1 Rxd1 26.Rxd1 Nf6  1/2-1/2

[Event "Ubeda op"]
[Site "Ubeda"]
[Date "1999.01.27"]
[Round "8"]
[White "Minasian, Artashes"]
[Black "Bykhovsky, Anatoly A"]
[Result "1-0"]
[WhiteElo "2620"]
[BlackElo "2415"]

1.Nf3 d5 2.g3 c6 3.Bg2 Nf6 4.O-O Bf5 5.d3 h6 6.Nbd2 e6 7.b3 Be7 8.Bb2 O-O
9.Ne5 Nbd7 10.e4 Bh7 11.Nxd7 Nxd7 12.f4 dxe4 13.dxe4 Bf6 14.e5 Be7 15.Nc4 Nb6
16.Nd6 Nd5 17.Qd4 Qb6 18.c4 c5 19.Qd2 Bxd6 20.exd6 Nb4 21.g4 Rad8 22.Rad1 Nd3
23.Bc3 Qxd6 24.f5 exf5 25.gxf5 Qc7 26.Bd5 Ne5 27.Qf4 Rfe8 28.Rfe1  1-0

[Event "Mermaid Beach Club"]
[Site "Bermuda"]
[Date "1999.01.28"]
[Round "8"]
[White "Forster, Richard"]
[Black "Arizmendi Martinez, Julen Luis"]
[Result "1/2-1/2"]
[WhiteElo "2468"]
[BlackElo "2472"]

1.Nf3 d5 2.g3 Nf6 3.Bg2 c6 4.O-O Bf5 5.d3 h6 6.Nbd2 e6 7.b3 Be7 8.Bb2 O-O
9.Qe1 Bh7 10.e4 a5 11.a4 Na6 12.Qe2 Nb4 13.Ne1 b5  1/2-1/2

[Event "Geneve op"]
[Site "Geneve"]
[Date "1999.01.28"]
[Round "6"]
[White "Tukmakov, Vladimir B"]
[Black "Raetsky, Alexander"]
[Result "1-0"]
[WhiteElo "2581"]
[BlackElo "2460"]

1.Nf3 d5 2.g3 Nc6 3.d4 Bg4 4.Bg2 Qd7 5.h3 Bxf3 6.exf3 O-O-O 7.f4 e6 8.O-O Kb8
9.c3 h5 10.h4 Nge7 11.Nd2 Nf5 12.b4 a6 13.a4 a5 14.b5 Nce7 15.Nb3 b6 16.Qf3 Nd6
17.Nd2 c6 18.bxc6 Qxc6 19.Ba3 Nef5 20.Rfc1 Nc4 21.Nxc4 Qxc4 22.Bf1 Qc7 23.Bxf8 Rdxf8
24.c4 dxc4 25.Rxc4 Qd7 26.Rb1 Ka7 27.Rxb6  1-0